Štíhla a krásna program pre dokonalú postavu

Bibliographic Details
Main Author: Wade, Jennifer 1945- (Author)
Other Authors: Barfussová, Romana (Translator), Vrzgulová, Beata, 1959- (Translator)
Format: Book
Language:Slovak
German
PhysicalDescription:48 s. fareb. fotogr. 18 cm
Published: Praha Ottovo nakladatelství c2002
ISBN:8071816655
Edition:1. slov. vyd.
Series:Cítim sa skvele
Subjects:

MARC

LEADER 00000nam a2200000 a 4500
001 vtls008961905
003 SK-MaSNL
005 20260302005204.0
008 251031s2002 xr oa g f 001 0 slo
015 |a SNBZSA2010-00142 
020 |a 8071816655  |q (brož.) 
040 |a SNK  |b slo  |c SNK  |e AACR2 
041 1 |a slo  |h ger 
044 |a xr  |c CZ 
072 7 |a 796  |x Šport. Hry. Telesné cvičenia  |2 konspekt 
072 7 |a 613  |x Hygiena. Ľudské zdravie  |2 konspekt 
080 |a 796.411  |x (035)  |2 2001 
080 |a 613  |2 2001 
080 |a 796.015.132  |2 2001 
100 1 |a Wade, Jennifer  |d 1945-  |4 aut  |9 646281 
240 1 0 |a Fatburner - Das Fitnessprogramm  |l Slovensky 
245 1 0 |a Štíhla a krásna  |b program pre dokonalú postavu  |c Wade Jennifer ; [z nemeckého originálu preložili Romana Barfussová a Beata Vrzgulová] 
250 |a 1. slov. vyd. 
260 |a Praha  |b Ottovo nakladatelství  |c c2002 
300 |a 48 s.  |b fareb. fotogr.  |c 18 cm 
490 1 |a Cítim sa skvele 
500 |a Názov a podnázov prevzatý z obalu 
500 |a Reg. 
650 0 7 |a telesné cvičenia  |2 SNKPH  |9 707 
650 0 7 |a tvarovanie postavy  |2 SNKPH  |9 67988 
650 0 7 |a kondičné cvičenia  |2 snkph  |9 710 
650 0 7 |a životospráva  |2 snkph  |9 23728 
655 7 |a príručky  |2 snkph  |9 74364 
700 1 |a Barfussová, Romana  |4 trl  |9 311750 
700 1 |a Vrzgulová, Beata,  |d 1959-  |4 trl  |9 27701 
830 0 |a Cítim sa skvele  |9 404261 
919 |a 80-7181-665-5 
958 |a ZS 
958 |a OP 
999 |c 998616  |d 1000546 
952 |a SNK  |b SNK  |y PREZ  |7 0  |p 17A0630987  |o snkSD 78525  |i snk2009/16785  |8 3  |g 1.49  |0 0  |1 0  |4 0  |d 2009-09-21  |l 0  |r 2025-11-26 00:00:00  |w 2026-02-24 
952 |a SNK  |b SNK  |y VYP  |7 0  |p 17A0630988  |o snkSD 78525 D1  |i snk2009/16786  |8 3  |g 1.47  |0 0  |1 0  |4 0  |d 2009-09-21  |l 0  |r 2017-06-30 00:00:00  |w 2026-02-24